[Event "Northumbria Masters 2018"]
[Site "Newcastle ENG"]
[Date "2018.02.14"]
[Round "1.2"]
[White "Gourlay, Iain"]
[Black "Plat, Vojtech"]
[Result "1/2-1/2"]
[WhiteTitle "FM"]
[BlackTitle "GM"]
[WhiteElo "2371"]
[BlackElo "2560"]
[WhiteFideId "2401533"]
[BlackFideId "325740"]
[EventDate "2018.02.14"]

1. c4 g6 2. g3 Nf6 3. Bg2 Bg7 4. Nc3 O-O 5. d3 c6 6. e4 e5 7. Nge2 d6 8. O-O a5
9. Rb1 Be6 10. b3 Na6 11. d4 Qd7 12. d5 cxd5 13. cxd5 Bh3 14. f3 Bxg2 15. Kxg2
Ne8 16. Be3 b5 17. a4 Nec7 18. axb5 Nxb5 19. Na4 Rab8 20. Nb6 Qd8 21. Nc4 Nb4
22. Ra1 Nd4 23. Bxd4 exd4 24. Rxa5 Qf6 25. Nf4 Ra8 26. Qd2 Rxa5 27. Nxa5 Na6 28.
Nc6 Nc5 29. b4 Na4 30. Ne2 d3 31. Qxd3 Qb2 32. Rf2 Ra8 33. Ned4 Qa1 34. Nb3 Nb2
35. Qc2 Qa6 36. b5 Qb6 37. Nbd4 Na4 38. Qc4 Nc5 39. Ra2 Rxa2+ 40. Qxa2 Bxd4 41.
Nxd4 Nxe4 42. fxe4 Qxd4 43. Qc2 Qb4 44. Qe2 Qd4 45. Kf3 Kg7 46. Qe3 Qf6+ 47. Qf4
Qc3+ 48. Qe3 Qf6+ 49. Qf4 Qc3+ 50. Qe3 1/2-1/2

[Event "Northumbria Masters 2018"]
[Site "Newcastle ENG"]
[Date "2018.02.14"]
[Round "1.4"]
[White "Welling, Gerard"]
[Black "Gormally, Daniel W"]
[Result "1/2-1/2"]
[WhiteTitle "IM"]
[BlackTitle "GM"]
[WhiteElo "2320"]
[BlackElo "2483"]
[WhiteFideId "1000446"]
[BlackFideId "406465"]
[EventDate "2018.02.14"]

1. e4 c5 2. d3 Nc6 3. g3 d5 4. Nd2 Nf6 5. Bg2 Bg4 6. f3 Bh5 7. g4 Bg6 8. f4 h5
9. f5 Bh7 10. g5 Ng4 11. Nf1 dxe4 12. Bxe4 g6 13. Nf3 Bg7 14. fxg6 Bxg6 15. Qe2
Qd7 16. h3 Nge5 17. Nxe5 Nxe5 18. Bf4 Bxe4 19. Qxe4 Ng6 20. O-O-O O-O-O 21. Be3
Qb5 22. Qf5+ Kb8 23. c3 Rhf8 24. Qxc5 Qa4 25. Qc4 Qa5 26. Qb3 Qf5 27. Qa4 a6 28.
Qe4 Qa5 29. Kb1 Rd6 30. Nd2 Re6 31. Qf3 Qb5 32. Nb3 a5 33. c4 Qc6 34. Qxc6 bxc6
35. Rhe1 Be5 36. Nxa5 Bg3 37. Re2 Bc7 38. Nb3 Nf4 39. Bxf4 Rxe2 40. Nd4 Rg2 41.
Nxc6+ Kb7 42. Bxc7 Kxc6 43. Bf4 f6 44. gxf6 Rxf6 45. Bc1 Rf3 46. b4 e5 47. b5+
Kc5 48. Ba3+ Kb6 49. Bb2 Re2 50. h4 Kc5 51. Ba3+ Kb6 52. Bb2 e4 53. dxe4 Rxe4
54. Bd4+ Ka5 55. b6 Ka6 56. c5 Kb7 57. Kb2 Re2+ 58. Ka1 Rh3 59. Rc1 Kc6 60. Rb1
Rhh2 61. Bb2 Rc2 62. b7 Kxb7 63. Be5+ Kc6 64. Bxh2 Rxh2 65. Rb4 Kxc5 66. Rf4 Kb5
67. a4+ Ka6 68. Kb1 Ka5 69. Kc1 Ra2 70. Rf5+ Kxa4 71. Rxh5 Kb3 72. Kd1 Kc4 73.
Ke1 Kd4 74. Rb5 Ke3 75. Rb3+ 1/2-1/2

[Event "Northumbria Masters 2018"]
[Site "Newcastle ENG"]
[Date "2018.02.14"]
[Round "1.6"]
[White "Longson, Alexander"]
[Black "Greet, Andrew N"]
[Result "1/2-1/2"]
[WhiteTitle "FM"]
[BlackTitle "IM"]
[WhiteElo "2307"]
[BlackElo "2458"]
[WhiteFideId "408093"]
[BlackFideId "405817"]
[EventDate "2018.02.14"]

1. e4 e6 2. d4 d5 3. Nd2 c5 4. exd5 Qxd5 5. Ngf3 cxd4 6. Bc4 Qd6 7. O-O Nf6 8.
Nb3 Nc6 9. Nbxd4 Nxd4 10. Nxd4 Be7 11. c3 O-O 12. Qf3 Qc7 13. Bb3 Bd7 14. Bf4 e5
15. Bg3 Bd6 16. Nf5 Bxf5 17. Qxf5 e4 18. Bxd6 Qxd6 19. Rad1 Qc7 20. Rd4 Rad8 21.
Rfd1 Rxd4 22. Rxd4 Re8 23. Rc4 Qe7 24. Qc5 h5 25. Qxa7 Ng4 26. h3 e3 27. fxe3
Ne5 28. Re4 Kh8 29. Qd4 Qg5 30. Rf4 Rd8 31. Rf5 Qxf5 32. Qxd8+ Kh7 33. Qd5 g6
34. Qd2 Qb1+ 35. Kh2 Qf1 36. Qd5 Qf6 37. Qxb7 Ng4+ 38. hxg4 Qh4+ 39. Kg1 Qe1+
40. Kh2 Qh4+ 1/2-1/2

[Event "Northumbria Masters 2018"]
[Site "Newcastle ENG"]
[Date "2018.02.14"]
[Round "1.12"]
[White "Abdulla, Murad"]
[Black "Lalic, Bogdan"]
[Result "1/2-1/2"]
[WhiteTitle "FM"]
[BlackTitle "GM"]
[WhiteElo "2260"]
[BlackElo "2401"]
[WhiteFideId "2403757"]
[BlackFideId "409081"]
[EventDate "2018.02.14"]

1. Nf3 d5 2. g3 Bg4 3. Bg2 Nd7 4. d3 c6 5. O-O e6 6. Nbd2 Bd6 7. h3 Bh5 8. e4
Ne7 9. c4 O-O 10. Qc2 b5 11. b3 Rc8 12. Bb2 e5 13. d4 exd4 14. Nxd4 Qb6 15. Kh1
Be5 1/2-1/2

[Event "Northumbria Masters 2018"]
[Site "Newcastle ENG"]
[Date "2018.02.14"]
[Round "1.14"]
[White "Kanakova, Natalie"]
[Black "Dunn, Alan"]
[Result "1-0"]
[WhiteTitle "WFM"]
[WhiteElo "2245"]
[BlackElo "2046"]
[WhiteFideId "350486"]
[BlackFideId "4300858"]
[EventDate "2018.02.14"]

1. e4 c5 2. Nf3 d6 3. d4 cxd4 4. Nxd4 Nf6 5. Nc3 a6 6. Be2 e5 7. Nb3 Be7 8. O-O
O-O 9. Qd3 a5 10. Be3 Be6 11. Rfd1 a4 12. Nd2 d5 13. exd5 Nxd5 14. Nc4 Nxe3 15.
Qxe3 Qe8 16. Nxe5 a3 17. b3 Bf6 18. f4 Nc6 19. Nb5 Qb8 20. Nd6 Rd8 21. Ndc4 Re8
22. Qg3 Bxc4 23. Bxc4 Nxe5 24. fxe5 Bxe5 25. Qf3 Re7 26. Re1 Bxh2+ 27. Kh1 Be5
28. Re4 Qd6 29. Rf1 Rf8 30. Rh4 Bf6 31. Rh3 Re5 32. Qxb7 Qd2 33. Bd3 h6 34. Qf3
Rfe8 35. Rg3 Rg5 36. Rxg5 Qxg5 37. Qh3 Qe5 38. Qg4 Bg5 39. Bc4 Bf6 40. Qg6 Re7
41. Rd1 Rc7 42. Qg4 Qg5 43. Qxg5 Bxg5 44. Kg1 Kf8 45. Rd5 f6 46. Kf2 Bc1 47. Ke2
Ke7 48. Kd3 Rd7 49. Rxd7+ Kxd7 50. b4 Bb2 51. Bb3 h5 52. c4 g5 53. c5 f5 54.
Ba4+ Ke6 55. Bb3+ Kd7 56. Bf7 h4 57. b5 Be5 58. Kc4 g4 59. b6 f4 60. Bd5 h3 61.
gxh3 gxh3 62. c6+ Kc8 63. Be6+ Kd8 64. Bxh3 f3 65. c7+ Bxc7 66. bxc7+ Kxc7 67.
Kb3 1-0

[Event "Northumbria Masters 2018"]
[Site "Newcastle ENG"]
[Date "2018.02.14"]
[Round "1.15"]
[White "Dalton, Joseph"]
[Black "Bukojemski, Adam"]
[Result "1-0"]
[WhiteElo "2045"]
[BlackElo "2222"]
[WhiteFideId "427713"]
[BlackFideId "1114620"]
[EventDate "2018.02.14"]

1. d4 Nf6 2. Nf3 g6 3. Nc3 c5 4. d5 d6 5. e4 Bg7 6. Bb5+ Nfd7 7. a4 O-O 8. O-O
Na6 9. Bf4 Nc7 10. Qd2 a6 11. Be2 Re8 12. Rfe1 b6 13. Bf1 Bb7 14. Rad1 Ne5 15.
Nxe5 dxe5 16. Bh6 Qd6 17. Bxg7 Kxg7 18. f4 Rad8 19. Qf2 Qf6 20. a5 exf4 21. axb6
Qxb6 22. Na4 Qf6 23. Nxc5 Bc8 24. c4 e5 25. b4 g5 26. b5 axb5 27. cxb5 Na8 28.
Ra1 Nb6 29. Na4 Nxa4 30. Rxa4 Rd6 31. Rc1 Bd7 32. Ra6 Rb8 33. Qa7 Rc8 34. Rc7 f3
35. Rxd6 Qxd6 36. Rxd7 f2+ 37. Kh1 Qg6 38. Qxf2 Rc1 39. Kg1 1-0

[Event "Northumbria Masters 2018"]
[Site "Newcastle ENG"]
[Date "2018.02.14"]
[Round "1.16"]
[White "House, Glenn L"]
[Black "Han, Yichen"]
[Result "1-0"]
[WhiteTitle "FM"]
[WhiteElo "2214"]
[BlackElo "1998"]
[WhiteFideId "406228"]
[BlackFideId "1054430"]
[EventDate "2018.02.14"]

1. Nf3 Nf6 2. g3 g6 3. Bg2 Bg7 4. O-O O-O 5. d3 d5 6. Nbd2 c5 7. e4 Nc6 8. c3 e5
9. a3 h6 10. b4 dxe4 11. dxe4 cxb4 12. axb4 Qd3 13. Bb2 Be6 14. Re1 a6 15. Bf1
Qd7 16. Nc4 Qxd1 17. Raxd1 Bg4 18. Kg2 Rad8 19. h3 Be6 20. Rxd8 Rxd8 21. Kg1 Nd7
22. Rd1 f5 23. Nh4 Kh7 24. Rd6 Re8 25. exf5 gxf5 26. Ne3 Bf8 27. Rd1 f4 28. Bd3+
Kg8 29. gxf4 exf4 30. Bg6 Rc8 31. Bf5 Bxf5 32. Nexf5 Nde5 33. Bc1 Ne7 34. Bxf4
N5g6 35. Nxg6 Nxg6 36. Bxh6 Rxc3 37. Rd8 Kf7 38. Bxf8 Nxf8 39. Rb8 b5 40. Rb7+
Kf6 41. Ne3 Rb3 42. Rb6+ Kg5 43. Rxa6 Rxb4 44. Kg2 Ng6 45. Kg3 Rb1 46. Rb6 Rb3
47. Rc6 b4 48. h4+ Kh5 49. Rc5+ Kh6 50. h5 Ne7 51. Kf4 Rd3 52. Ng4+ Kg7 53. Rc7
Kf8 54. Rb7 Rd4+ 55. Kf3 Rd3+ 56. Ke4 Rh3 57. h6 Rh4 58. f3 Ng8 59. Kf4 Rh3 60.
Rb8+ Kf7 61. Ne5+ 1-0

[Event "Northumbria Masters 2018"]
[Site "Newcastle ENG"]
[Date "2018.02.14"]
[Round "1.18"]
[White "Asenov, Pavel"]
[Black "Spanton, Tim R"]
[Result "1/2-1/2"]
[WhiteElo "2187"]
[BlackElo "1901"]
[WhiteFideId "433705"]
[BlackFideId "404802"]
[EventDate "2018.02.14"]

1. d4 d5 2. c4 e5 3. dxe5 d4 4. Nf3 Nc6 5. a3 Be6 6. e3 dxe3 7. Qxd8+ Rxd8 8.
Bxe3 Nge7 9. Nc3 Nf5 10. Bg5 Be7 11. Nb5 Rd7 12. Rd1 a6 13. Bxe7 Kxe7 14. Rxd7+
Kxd7 15. Nc3 Rd8 16. Bd3 Kc8 17. Ke2 Nfd4+ 18. Nxd4 Rxd4 19. Ke3 Rg4 20. Nd5
Nxe5 21. Be2 Nxc4+ 22. Bxc4 Rxc4 23. Nc3 Rc6 24. Rd1 Rd6 25. Rc1 Bf5 26. f3 Bg6
27. g4 Rb6 28. b4 Rc6 29. f4 f6 30. h4 Bf7 31. Kd3 Be6 32. f5 Bf7 33. Re1 Rd6+
34. Kc2 Kd8 35. Ne4 Rd4 36. g5 Bd5 37. Nc3 c6 38. gxf6 gxf6 39. h5 Rf4 40. Nxd5
cxd5 41. Rg1 Rxf5 42. Rg8+ Kd7 43. Rg7+ Kc6 44. Rxh7 Rf2+ 45. Kc3 Rh2 46. h6 Rh4
47. Rh8 f5 48. h7 Kc7 49. Kd3 Kb6 50. a4 Kc7 51. a5 d4 52. Kc4 d3+ 53. Kxd3 f4
54. Ke4 Rh1 55. Kxf4 Rh2 56. b5 axb5 57. a6 Kb6 58. axb7 Kxb7 59. Ke3 b4 60. Rg8
Rxh7 61. Rg4 Rh3+ 62. Kd2 b3 63. Kc1 Kc6 1/2-1/2

[Event "Northumbria Masters 2018"]
[Site "Newcastle ENG"]
[Date "2018.02.14"]
[Round "1.19"]
[White "Kane, Robert"]
[Black "Player, Edmund C"]
[Result "0-1"]
[WhiteElo "1900"]
[BlackElo "2172"]
[WhiteFideId "420468"]
[BlackFideId "406520"]
[EventDate "2018.02.14"]

1. e4 e6 2. Nf3 d5 3. d3 Nc6 4. Nbd2 Nf6 5. c3 e5 6. Be2 Be7 7. O-O O-O 8. Qc2
Re8 9. Rd1 Be6 10. Nf1 Qc8 11. Bg5 a5 12. Bxf6 Bxf6 13. Ne3 d4 14. Nd5 Bd8 15.
cxd4 Nxd4 16. Nxd4 exd4 17. Nf4 Bd7 18. Qc5 c6 19. e5 Bc7 20. Nh5 b6 21. Qxd4
Bxe5 22. Qh4 Qd8 23. Qxd8 Raxd8 24. d4 Bxh2+ 25. Kf1 Bd6 26. Bf3 c5 27. d5 a4
28. Ng3 Bb5+ 29. Be2 Bd7 30. b3 a3 31. Bd3 Bxg3 32. fxg3 Bg4 33. Bb5 Re5 34. d6
Bd7 35. Bxd7 Rxd7 36. Re1 Rxe1+ 37. Rxe1 Kf8 38. Re4 Rxd6 39. Ra4 Ke7 40. Ke2
Re6+ 41. Kf3 Kd6 42. Rxa3 Re1 43. Ra6 Kc6 44. Ra8 Kb5 45. Rd8 0-1

[Event "Northumbria Masters 2018"]
[Site "Newcastle ENG"]
[Date "2018.02.14"]
[Round "1.20"]
[White "Tavoularis, Nicholas"]
[Black "Zhang, Zheming"]
[Result "0-1"]
[WhiteElo "2168"]
[BlackElo "1900"]
[WhiteFideId "4205596"]
[BlackFideId "430757"]
[EventDate "2018.02.14"]

1. e4 e6 2. b3 d5 3. Bb2 Nf6 4. e5 Nfd7 5. Qg4 c5 6. f4 Nc6 7. Nf3 Qc7 8. Na3 a6
9. c4 d4 10. Nc2 b6 11. Bd3 Bb7 12. O-O-O g6 13. Ng5 Be7 14. h4 h5 15. Nxe6 Qc8
16. Qg3 fxe6 17. Qxg6+ Kd8 18. Qxe6 Nf8 19. Qf7 Qe6 20. Qf5 Kc7 21. Rde1 Re8 22.
Re2 Bd8 23. b4 Qxf5 24. Bxf5 Ne6 25. bxc5 bxc5 26. g3 Rhg8 27. Rh3 Bc8 28. Rf2
Ref8 29. Bxe6 Bxe6 30. Rh1 Rxg3 31. Ne1 Bxc4 32. a3 Nxe5 33. f5 Nd3+ 34. Nxd3
Bxd3 35. a4 Rxf5 36. Rxf5 Bxf5 37. Kd1 Kd6 38. Rf1 Bd3 39. Rh1 Rf3 0-1

[Event "Northumbria Masters 2018"]
[Site "Newcastle ENG"]
[Date "2018.02.14"]
[Round "1.21"]
[White "Izod, Chris"]
[Black "Gayson, Peter M"]
[Result "1-0"]
[WhiteElo "1882"]
[BlackElo "2151"]
[WhiteFideId "429716"]
[BlackFideId "401838"]
[EventDate "2018.02.14"]

1. d4 f5 2. Nf3 d6 3. g3 g6 4. Bg2 Bg7 5. O-O Nh6 6. c4 O-O 7. Nc3 Nf7 8. Qc2
Nc6 9. d5 Nd4 10. Nxd4 Bxd4 11. b3 Bd7 12. Bb2 c5 13. e3 Bg7 14. Ne2 Ne5 15. Nf4
Rb8 16. Ne6 Bxe6 17. dxe6 b5 18. cxb5 Rxb5 19. Bxe5 Bxe5 20. Rad1 Qc7 21. Bd5
Kg7 22. Qe2 Rbb8 23. Kg2 Qa5 24. Rg1 Qb4 25. Rc1 Qa3 26. Rc2 Rb6 27. f4 Bf6 28.
g4 fxg4 29. Qxg4 Qa6 30. Kf3 Kh8 31. Be4 Rg8 32. Qh3 Rb4 33. Rxg6 Rxe4 34. Rxg8+
Kxg8 35. Kxe4 Qc6+ 36. Kd3 Qd5+ 37. Ke2 Qe4 38. Rc4 Qb1 39. Qg2+ Kh8 40. Qa8+
Kg7 41. Qg2+ Kh8 42. Kf3 Qd1+ 43. Qe2 Qh1+ 44. Qg2 Qd1+ 45. Qe2 Qh1+ 46. Kg3 Qd5
47. Qf3 Bh4+ 48. Kg2 Qxe6 49. f5 Qh6 50. Rg4 Bf6 51. Qa8+ 1-0

[Event "Northumbria Masters 2018"]
[Site "Newcastle ENG"]
[Date "2018.02.14"]
[Round "1.22"]
[White "Kalaiyalahan, Akshaya"]
[Black "Nandi, Robin J"]
[Result "1/2-1/2"]
[WhiteTitle "FM"]
[WhiteElo "2136"]
[BlackElo "1815"]
[WhiteFideId "422894"]
[BlackFideId "434604"]
[EventDate "2018.02.14"]

1. d4 Nf6 2. c4 e6 3. g3 d5 4. Bg2 Be7 5. Nf3 O-O 6. Qc2 dxc4 7. Qxc4 a6 8. Bf4
Nd5 9. Nc3 Nxf4 10. gxf4 b5 11. Qd3 Bb7 12. Ng5 Bxg5 13. Bxb7 Ra7 14. fxg5 Rxb7
15. h4 c5 16. dxc5 Qa5 17. Kf1 Rd7 18. Qe3 Qb4 19. Rb1 Rd4 20. a3 Qxc5 21. Ne4
Qd5 22. f3 Nc6 23. Rg1 Rd8 24. Kf2 Kh8 25. h5 Qf5 26. Rbc1 Qd5 27. h6 Rc4 28.
hxg7+ Kxg7 29. Rxc4 Qxc4 30. Rc1 Qd5 31. Rc5 Qd7 32. Qc3+ Qd4+ 33. Qxd4+ Nxd4
34. e3 Nb3 35. Rc6 Nd2 36. Nd6 Nc4 37. Nxc4 bxc4 38. Rb6 Rd2+ 39. Kg3 Rc2 40.
Kf4 Kg6 41. a4 c3 42. bxc3 Rxc3 43. Rxa6 Ra3 44. a5 h6 45. gxh6 Kxh6 46. Ra7 Kg6
47. a6 Kf6 48. Ra8 Kg6 49. e4 Kf6 50. Kg4 Kg6 51. e5 Ra4+ 52. f4 Kg7 53. Ra7 Kg6
54. Kf3 Kg7 55. Ra8 Kg6 56. Kg4 Kg7 57. a7 Ra1 58. Kf3 Ra3+ 59. Ke4 Ra4+ 60. Kd3
Ra1 61. Kc4 Ra2 62. Kc5 Ra1 63. Kd6 Ra2 64. Ke7 Ra1 65. Ke8 Ra2 66. Ke7 1/2-1/2

[Event "Northumbria Masters 2018"]
[Site "Newcastle ENG"]
[Date "2018.02.14"]
[Round "1.23"]
[White "Younger, Mark"]
[Black "Longson, Sarah N"]
[Result "0-1"]
[BlackTitle "WFM"]
[WhiteElo "1720"]
[BlackElo "2124"]
[WhiteFideId "454354"]
[BlackFideId "2501465"]
[EventDate "2018.02.14"]

1. d4 d5 2. Bf4 Nf6 3. e3 c5 4. Nd2 Nc6 5. c3 cxd4 6. exd4 Bf5 7. Ngf3 e6 8. Be2
Be7 9. O-O h6 10. Ne5 Nxe5 11. dxe5 Nd7 12. Nf3 O-O 13. Nd4 Be4 14. Bd3 Bxd3 15.
Qxd3 Bg5 16. Bxg5 Qxg5 17. f4 Qe7 18. Rae1 Nc5 19. Qg3 Ne4 20. Qg4 Kh8 21. Rf3
Rg8 22. Rh3 b5 23. f5 exf5 24. Nxf5 Qc5+ 25. Nd4 Rae8 26. Qf4 Re6 27. Kh1 Ra6
28. Rf1 Qc4 29. e6 Ng5 30. exf7 Rf8 31. Rh5 Rf6 32. Rxh6+ Rxh6 33. Re1 Nxf7 34.
h3 Rf6 35. Qh4+ Nh6 36. Ne6 0-1

[Event "Northumbria Masters 2018"]
[Site "Newcastle ENG"]
[Date "2018.02.14"]
[Round "1.24"]
[White "Moreby, James"]
[Black "Garrett, Peter A"]
[Result "1-0"]
[WhiteElo "2112"]
[BlackElo "1685"]
[WhiteFideId "427756"]
[BlackFideId "420611"]
[EventDate "2018.02.14"]

1. c4 e5 2. Nc3 d6 3. Nf3 f5 4. d4 e4 5. Ng5 Be7 6. Nh3 Nf6 7. e3 O-O 8. Be2 Qe8
9. Nf4 g5 10. Nfd5 Bd8 11. O-O c6 12. Nxf6+ Rxf6 13. f3 d5 14. cxd5 Bc7 15. f4
g4 16. g3 h5 17. dxc6 bxc6 18. h4 gxh3 19. Bxh5 Qf8 20. Kh2 Be6 21. Rg1 Na6 22.
g4 fxg4 23. Bxg4 Kh8 24. Bxe6 Rxe6 25. Nxe4 Qf5 26. Ng5 Rh6 27. Qg4 Qc2+ 28. Kh1
Qc4 29. Bd2 Rg8 30. Bc3 Qd5+ 31. e4 Rxg5 32. fxg5 Qd6 33. d5+ Kh7 34. Qf5+ 1-0

[Event "Northumbria Masters 2018"]
[Site "Newcastle ENG"]
[Date "2018.02.15"]
[Round "2.1"]
[White "Nasuta, Grzegorz"]
[Black "Donchenko, Alexander"]
[Result "1/2-1/2"]
[WhiteTitle "IM"]
[BlackTitle "GM"]
[WhiteElo "2454"]
[BlackElo "2583"]
[WhiteFideId "1141686"]
[BlackFideId "24603295"]
[EventDate "2018.02.14"]

1. e4 c6 2. d4 d5 3. e5 Bf5 4. h4 h5 5. Bd3 Bxd3 6. Qxd3 Qa5+ 7. Nd2 e6 8. Nf3
Ne7 9. O-O Nf5 10. c4 Be7 11. g3 Nd7 12. Rd1 Qa6 13. Qc2 O-O 14. b3 Rac8 15. Bb2
b6 16. a4 g6 17. Ba3 c5 18. cxd5 cxd4 19. Qb1 Bxa3 20. dxe6 fxe6 21. Rxa3 Rc3
22. Nxd4 Nxe5 23. Ne4 Nxd4 24. Nxc3 Ne2+ 25. Nxe2 Qxe2 26. Ra2 Qg4 27. Kg2 Qf3+ 1/2-1/2

[Event "Northumbria Masters 2018"]
[Site "Newcastle ENG"]
[Date "2018.02.15"]
[Round "2.2"]
[White "Merry, Alan B"]
[Black "Vakhidov, Jakhongir"]
[Result "1/2-1/2"]
[WhiteTitle "IM"]
[BlackTitle "GM"]
[WhiteElo "2438"]
[BlackElo "2532"]
[WhiteFideId "418811"]
[BlackFideId "14201801"]
[EventDate "2018.02.14"]

1. e4 c5 2. Nf3 g6 3. c4 Bg7 4. d4 cxd4 5. Nxd4 Nc6 6. Be3 Qb6 7. Nb5 Qa5+ 8.
N1c3 Nf6 9. f3 O-O 10. Be2 a6 11. Nd4 Nxd4 12. Bxd4 d6 13. O-O Be6 14. Rb1 Rfc8
15. b4 Qc7 16. Rc1 Bxc4 17. Bxf6 Bxf6 18. Nd5 Bxe2 19. Rxc7 Bxd1 20. Nxf6+ exf6
21. Rxc8+ Rxc8 22. Rxd1 Rc6 23. a4 Rc4 24. Rxd6 Rxb4 25. a5 Rb5 26. Rd7 f5 27.
exf5 gxf5 28. f4 h5 29. Kf2 h4 30. h3 Kg7 31. Rc7 Kf6 32. g4 fxg4 33. hxg4 Rxa5
34. Rxb7 Ra2+ 35. Kg1 a5 36. Ra7 h3 37. Kh1 Ke6 38. g5 a4 39. Ra5 Rf2 40. Rxa4
Kf5 41. Ra6 Rxf4 42. Kh2 Kg4 43. g6 Rf2+ 44. Kg1 Rg2+ 45. Kh1 f5 46. Ra3 Kf4 47.
Rxh3 Rxg6 48. Ra3 Rg3 49. Ra4+ Kf3 50. Kh2 Rg2+ 51. Kh1 Re2 52. Ra8 f4 53. Kg1
Re1+ 54. Kh2 Kf2 55. Ra2+ Re2 56. Ra1 Re1 57. Ra2+ Re2 58. Ra1 f3 59. Rb1 Re1
60. Rb2+ Ke3 61. Rb3+ Kf2 62. Rb2+ Re2 63. Rb1 Rd2 64. Ra1 Rd3 65. Ra2+ Ke1 66.
Kg1 Rd4 67. Ra1+ Ke2 68. Ra2+ Ke3 69. Ra3+ Ke4 70. Kf2 1/2-1/2

[Event "Northumbria Masters 2018"]
[Site "Newcastle ENG"]
[Date "2018.02.15"]
[Round "2.3"]
[White "Hunt, Adam C"]
[Black "Tan, Justin2"]
[Result "1/2-1/2"]
[WhiteTitle "IM"]
[BlackTitle "IM"]
[WhiteElo "2416"]
[BlackElo "2479"]
[WhiteFideId "403970"]
[BlackFideId "3206882"]
[EventDate "2018.02.14"]

1. e4 e5 2. Nf3 Nc6 3. Bb5 a6 4. Ba4 Nf6 5. O-O Be7 6. Re1 b5 7. Bb3 d6 8. c3
O-O 9. h3 Nb8 10. d4 Nbd7 11. Nbd2 Bb7 12. Bc2 Re8 13. Nf1 Bf8 14. Ng3 g6 15. a4
Nb6 16. b3 bxa4 17. bxa4 a5 18. Rb1 Ba6 19. Bb3 Qd7 20. Qc2 Bc4 21. Bxc4 Nxc4
22. Qa2 Qc6 23. Rb5 Nb6 24. Qb3 Nfd7 25. Nd2 exd4 26. cxd4 d5 27. Rd1 Nf6 28.
exd5 Nbxd5 29. Nc4 Bb4 30. Bd2 h5 31. Ne5 Qe6 32. Bxb4 axb4 33. Re1 Nc3 34. Qxe6
Rxe6 35. Rxb4 Nfd5 36. Rc4 Rxa4 37. Rxa4 Nxa4 38. Kf1 Kg7 39. Nd3 Rc6 40. Rc1
Rd6 41. Ne4 Rd8 42. Ne5 Re8 43. Nc5 Nac3 44. Nf3 Ra8 45. Nd2 Ra2 46. Nce4 Nxe4
47. Nxe4 Ra4 48. Nc3 Nxc3 49. Rxc3 Rxd4 50. Rxc7 1/2-1/2

[Event "Northumbria Masters 2018"]
[Site "Newcastle ENG"]
[Date "2018.02.15"]
[Round "2.4"]
[White "Eggleston, David J"]
[Black "Hebden, Mark L"]
[Result "1/2-1/2"]
[WhiteTitle "IM"]
[BlackTitle "GM"]
[WhiteElo "2409"]
[BlackElo "2454"]
[WhiteFideId "412120"]
[BlackFideId "400084"]
[EventDate "2018.02.14"]

1. e4 e5 2. Nf3 Nc6 3. Bc4 Nf6 4. d3 Be7 5. O-O O-O 6. Re1 d6 7. a4 Na5 8. Ba2
c5 9. c3 Nc6 10. Nbd2 b6 11. Nf1 Be6 12. Ng3 Rc8 13. Bxe6 fxe6 14. Bd2 Qe8 15.
b4 Kh8 16. b5 Nd8 17. d4 Nd7 18. dxe5 Nxe5 19. Nxe5 dxe5 20. c4 Bh4 21. Bc3 Nf7
22. a5 Rd8 23. Qe2 Qe7 24. Red1 h6 25. Rxd8 Rxd8 26. Rd1 Rxd1+ 27. Qxd1 Qd6 28.
Qe2 bxa5 29. Qh5 Bxg3 30. hxg3 Kg8 31. Qe2 a4 32. Bb2 a6 33. Qc2 axb5 34. cxb5
c4 35. Qxa4 Qc5 36. Bc3 Nd6 37. b6 Qxb6 38. Bxe5 Qb5 39. Qa1 Ne8 40. f3 h5 41.
Kh2 Kh7 42. f4 Qc6 43. Qd1 Nf6 44. Bxf6 gxf6 45. Qxh5+ Kg7 46. e5 fxe5 47. Qxe5+
Kf7 48. Qh5+ Ke7 49. Qg5+ Ke8 50. Qg6+ Kd7 51. Qf7+ Kd6 52. Qf8+ Kd5 53. Qd8+
Ke4 54. Qd1 Qd5 55. Qe2+ Kf5 56. Qh5+ Kf6 57. Qh8+ Ke7 58. Qg7+ Kd6 59. g4 Qe4
60. Qf8+ Kd5 61. Qa8+ Kc5 62. Qa5+ Kd4 63. Qb6+ Kd3 64. Qb1+ Ke3 65. Qc1+ Kd4
66. Qd2+ Qd3 67. Qf2+ Kd5 68. f5 exf5 69. gxf5 c3 70. Qa2+ Kc5 71. Qa3+ Kc6 72.
Qa4+ Kd6 73. Qb4+ Kc6 1/2-1/2

[Event "Northumbria Masters 2018"]
[Site "Newcastle ENG"]
[Date "2018.02.15"]
[Round "2.8"]
[White "Lalic, Bogdan"]
[Black "Longson, Alexander"]
[Result "1/2-1/2"]
[WhiteTitle "GM"]
[BlackTitle "FM"]
[WhiteElo "2401"]
[BlackElo "2307"]
[WhiteFideId "409081"]
[BlackFideId "408093"]
[EventDate "2018.02.14"]

1. d4 d5 2. c4 e6 3. Nc3 Be7 4. cxd5 exd5 5. Bf4 c6 6. e3 Bf5 7. Nge2 Nd7 8. Ng3
Bg6 9. a3 Nb6 10. Nh5 Kf8 11. Bg3 Nf6 12. Nxf6 Bxf6 13. Qb3 a5 14. Rc1 Rc8 15.
Be2 Bf5 16. Bd6+ Be7 17. Be5 h5 18. h3 1/2-1/2

[Event "Northumbria Masters 2018"]
[Site "Newcastle ENG"]
[Date "2018.02.15"]
[Round "2.12"]
[White "Macklin, Paul"]
[Black "Player, Edmund C"]
[Result "1-0"]
[WhiteElo "2307"]
[BlackElo "2172"]
[WhiteFideId "455865"]
[BlackFideId "406520"]
[EventDate "2018.02.14"]

1. e4 e6 2. d4 d5 3. Nd2 c5 4. Ngf3 cxd4 5. exd5 Qxd5 6. Bc4 Qd7 7. O-O a6 8. a4
Nc6 9. Nb3 Qc7 10. Nbxd4 Bd6 11. Nxc6 bxc6 12. Qd4 Nf6 13. Rd1 Ke7 14. Bg5 Bb7
15. Qe3 c5 16. Re1 Bxf3 17. Qxf3 h6 18. Bxf6+ gxf6 19. Qh3 Be5 20. f4 Bd4+ 21.
Kh1 Qxf4 22. Bxe6 Be5 23. Bd5 Rad8 24. c4 Rhg8 25. g3 Qg4 26. Qg2 a5 27. Qf2 Kf8
28. Rxe5 1-0

[Event "Northumbria Masters 2018"]
[Site "Newcastle ENG"]
[Date "2018.02.15"]
[Round "2.13"]
[White "Longson, Sarah N"]
[Black "Muir, Andrew J"]
[Result "0-1"]
[WhiteTitle "WFM"]
[BlackTitle "IM"]
[WhiteElo "2124"]
[BlackElo "2286"]
[WhiteFideId "2501465"]
[BlackFideId "2400138"]
[EventDate "2018.02.14"]

1. e4 c5 2. Nf3 Nc6 3. Bb5 g6 4. Bxc6 dxc6 5. d3 Bg7 6. h3 Nf6 7. Nc3 O-O 8. Be3
b6 9. Qd2 e5 10. Bh6 Qd6 11. Bxg7 Kxg7 12. O-O Ne8 13. a4 a5 14. Ne2 Nc7 15. Qc3
f6 16. Nd2 Ne6 17. Nc4 Qc7 18. Qd2 Ba6 19. Ne3 Rad8 20. b3 f5 21. exf5 gxf5 22.
g4 Ng5 23. Qc3 fxg4 24. Nxg4 Nf3+ 25. Kh1 Bc8 26. Rg1 Nxg1 27. Rxg1 Bxg4 28.
Rxg4+ Kh8 29. f4 Rg8 30. fxe5 Rxg4 31. hxg4 Qg7 32. Nf4 Rd4 0-1

[Event "Northumbria Masters 2018"]
[Site "Newcastle ENG"]
[Date "2018.02.15"]
[Round "2.14"]
[White "Pritchett, Craig W"]
[Black "Moreby, James"]
[Result "1-0"]
[WhiteTitle "IM"]
[WhiteElo "2275"]
[BlackElo "2112"]
[WhiteFideId "2400065"]
[BlackFideId "427756"]
[EventDate "2018.02.14"]

1. Nf3 c5 2. c4 Nc6 3. Nc3 e5 4. e3 Nf6 5. a3 d5 6. cxd5 Nxd5 7. Qc2 Nc7 8. b3
Be7 9. Bb2 f6 10. Ne4 Ne6 11. Ng3 O-O 12. Bd3 g6 13. h4 Bd6 14. h5 f5 15. hxg6
hxg6 16. O-O-O Kg7 17. Bxf5 gxf5 18. Nxf5+ Kf7 19. Qe4 Ne7 20. Rh7+ Ke8 21. Nxe7
Bxe7 22. Nxe5 1-0